[Event "Girls U12 Polish Youth Championship"]
[Site "chess24.com"]
[Date "2018.05.01"]
[Round "4"]
[White "Rejniak, Zuzanna"]
[Black "Dallemura, Anna"]
[Result "1/2-1/2"]
[Board "6"]
[WhiteElo "1458"]
[WhiteCountry "POL"]
[WhiteFideId "21848017"]
[WhiteEloChange "-5"]
[BlackElo "1268"]
[BlackCountry "POL"]
[BlackFideId "21823022"]
[BlackEloChange "5"]

1. e4 {[%clk 1:30:57]} e5 {[%clk 1:30:56]} 2. Nf3 {[%clk 1:31:21]} Nc6 {[%clk
1:31:20]} 3. Bc4 {[%clk 1:31:44]} Bc5 {[%clk 1:31:40]} 4. c3 {[%clk 1:32:09]} Nf6
{[%clk 1:32:05]} 5. d4 {[%clk 1:32:02]} exd4 {[%clk 1:32:26]} 6. e5 {[%clk
1:32:25]} d5 {[%clk 1:32:40]} 7. Bb5 {[%clk 1:31:34]} Ne4 {[%clk 1:32:13]} 8.
cxd4 {[%clk 1:31:53]} Bb6 {[%clk 1:32:27]} 9. Nc3 {[%clk 1:24:40]} O-O {[%clk
1:29:44]} 10. Bxc6 {[%clk 1:20:50]} bxc6 {[%clk 1:29:52]} 11. O-O {[%clk
1:20:58]} f6 {[%clk 1:26:08]} 12. h3 {[%clk 1:05:16]} fxe5 {[%clk 1:21:51]} 13.
Nxe5 {[%clk 1:05:23]} Qh4 {[%clk 1:13:39]} 14. Be3 {[%clk 0:58:45]} Ba6 {[%clk
1:09:03]} 15. Nf3 {[%clk 0:58:37]} Rxf3 {[%clk 1:06:06]} 16. Qxf3 {[%clk
0:58:28]} Bxf1 {[%clk 1:03:49]} 17. Rxf1 {[%clk 0:58:51]} Rf8 {[%clk 1:03:35]}
18. Qd1 {[%clk 0:51:16]} Ba5 {[%clk 0:57:10]} 19. Nxe4 {[%clk 0:51:28]} Qxe4
{[%clk 0:56:37]} 20. Re1 {[%clk 0:47:21]} Bxe1 {[%clk 0:56:07]} 21. Qxe1 {[%clk
0:47:48]} Rb8 {[%clk 0:55:11]} 22. b3 {[%clk 0:47:03]} Rb5 {[%clk 0:51:24]} 23.
Qc1 {[%clk 0:46:28]} Qe6 {[%clk 0:51:06]} 24. Qa3 {[%clk 0:45:58]} a5 {[%clk
0:50:11]} 25. Qc1 {[%clk 0:45:28]} Rb6 {[%clk 0:39:38]} 26. Qc3 {[%clk 0:44:42]}
Ra6 {[%clk 0:36:02]} 27. Qd3 {[%clk 0:42:17]} Ra7 {[%clk 0:33:15]} 28. Qc2 {[%clk
0:40:59]} Ra6 {[%clk 0:12:10]} 29. Qd3 {[%clk 0:40:39]} Ra8 {[%clk 0:10:51]} 30.
Qc3 {[%clk 0:37:34]} Qd6 {[%clk 0:10:04]} 31. Qc1 {[%clk 0:31:52]} Ra6 {[%clk
0:06:52]} 32. Qc2 {[%clk 0:29:11]} Qe6 {[%clk 0:05:03]} 33. Qd3 {[%clk 0:29:08]}
1/2-1/2

[Event "Girls U12 Polish Youth Championship"]
[Site "chess24.com"]
[Date "2018.05.01"]
[Round "4"]
[White "Pastuszko, Katarzyna"]
[Black "Szopa, Emilia"]
[Result "0-1"]
[Board "7"]
[WhiteElo "1357"]
[WhiteCountry "POL"]
[WhiteFideId "21844615"]
[WhiteEloChange "-13"]
[BlackElo "1261"]
[BlackCountry "POL"]
[BlackFideId "21858853"]
[BlackEloChange "13"]

1. e4 {[%clk 1:30:59]} g6 {[%clk 1:30:36]} 2. d4 {[%clk 1:31:13]} d6 {[%clk
1:30:58]} 3. Nf3 {[%clk 1:31:24]} Bg7 {[%clk 1:31:02]} 4. Bc4 {[%clk 1:31:27]} e6
{[%clk 1:31:15]} 5. Nc3 {[%clk 1:31:09]} Ne7 {[%clk 1:31:24]} 6. Be3 {[%clk
1:30:48]} O-O {[%clk 1:31:18]} 7. O-O {[%clk 1:29:40]} Nd7 {[%clk 1:31:32]} 8.
Qd2 {[%clk 1:27:28]} b6 {[%clk 1:30:48]} 9. Rad1 {[%clk 1:25:13]} Bb7 {[%clk
1:29:43]} 10. Bh6 {[%clk 1:21:59]} d5 {[%clk 1:27:22]} 11. Bxg7 {[%clk 1:18:17]}
Kxg7 {[%clk 1:27:16]} 12. exd5 {[%clk 1:17:48]} exd5 {[%clk 1:27:06]} 13. Bb3
{[%clk 1:17:52]} a5 {[%clk 1:24:19]} 14. Rfe1 {[%clk 1:14:31]} b5 {[%clk
1:21:59]} 15. Qe3 {[%clk 1:06:56]} Re8 {[%clk 1:21:39]} 16. a4 {[%clk 1:06:00]}
b4 {[%clk 1:19:51]} 17. Ne2 {[%clk 1:02:58]} Nf5 {[%clk 1:17:30]} 18. Qd2 {[%clk
1:01:14]} Nd6 {[%clk 1:17:03]} 19. Nf4 {[%clk 1:00:47]} Ne4 {[%clk 1:16:41]} 20.
Qc1 {[%clk 0:55:14]} Nb6 {[%clk 1:14:27]} 21. c4 {[%clk 0:49:42]} dxc4 {[%clk
1:12:29]} 22. Bxc4 {[%clk 0:49:32]} Nxc4 {[%clk 1:11:36]} 23. Qxc4 {[%clk
0:49:39]} Nd6 {[%clk 1:08:09]} 24. Qd3 {[%clk 0:41:23]} Be4 {[%clk 1:06:42]} 25.
Qb3 {[%clk 0:39:52]} Nf5 {[%clk 1:01:10]} 26. Ne5 {[%clk 0:25:52]} Nxd4 {[%clk
0:56:21]} 27. Qxf7+ {[%clk 0:23:55]} Kh8 {[%clk 0:56:31]} 28. Rxe4 {[%clk
0:23:24]} Ne2+ {[%clk 0:56:49]} 29. Rxe2 {[%clk 0:21:54]} Qxd1+ {[%clk 0:57:11]}
30. Re1 {[%clk 0:22:16]} Qxe1# {[%clk 0:57:35]} 0-1

[Event "Girls U12 Polish Youth Championship"]
[Site "chess24.com"]
[Date "2018.05.01"]
[Round "4"]
[White "Szczotka, Matylda"]
[Black "Obrochta, Lena"]
[Result "1-0"]
[Board "8"]
[WhiteElo "1204"]
[WhiteCountry "POL"]
[WhiteFideId "21858918"]
[WhiteEloChange "14"]
[BlackElo "1342"]
[BlackCountry "POL"]
[BlackFideId "21836477"]
[BlackEloChange "-14"]

1. e4 {[%clk 1:30:57]} e5 {[%clk 1:31:21]} 2. Nf3 {[%clk 1:31:21]} d6 {[%clk
1:31:40]} 3. d4 {[%clk 1:31:37]} Nd7 {[%clk 1:31:47]} 4. Bc4 {[%clk 1:31:28]} c6
{[%clk 1:32:02]} 5. Ng5 {[%clk 1:30:47]} Nh6 {[%clk 1:31:35]} 6. O-O {[%clk
1:30:34]} Be7 {[%clk 1:19:40]} 7. Ne6 {[%clk 1:22:24]} fxe6 {[%clk 1:11:28]} 8.
Bxh6 {[%clk 1:21:14]} Bf6 {[%clk 1:01:09]} 9. Bxe6 {[%clk 1:11:42]} Qe7 {[%clk
0:58:43]} 10. Bxd7+ {[%clk 1:11:16]} Bxd7 {[%clk 0:57:30]} 11. Be3 {[%clk
1:11:02]} O-O {[%clk 0:56:08]} 12. Nc3 {[%clk 1:05:33]} Rf7 {[%clk 0:50:53]} 13.
Qd2 {[%clk 1:02:14]} Raf8 {[%clk 0:46:40]} 14. dxe5 {[%clk 0:57:34]} Bxe5 {[%clk
0:46:08]} 15. Bxa7 {[%clk 0:53:00]} Qh4 {[%clk 0:38:39]} 16. g3 {[%clk 0:49:03]}
Qg4 {[%clk 0:31:02]} 17. Be3 {[%clk 0:38:22]} h5 {[%clk 0:25:13]} 18. f4 {[%clk
0:34:15]} h4 {[%clk 0:19:01]} 19. Qg2 {[%clk 0:24:15]} hxg3 {[%clk 0:16:15]} 20.
hxg3 {[%clk 0:24:00]} Qh5 {[%clk 0:14:50]} 21. Rf2 {[%clk 0:21:43]} Bh3 {[%clk
0:14:10]} 22. Qh2 {[%clk 0:21:32]} Bxc3 {[%clk 0:11:34]} 23. bxc3 {[%clk
0:21:48]} g5 {[%clk 0:11:30]} 24. f5 {[%clk 0:19:12]} Ra8 {[%clk 0:10:08]} 25.
Bxg5 {[%clk 0:16:00]} Rxa2 {[%clk 0:10:09]} 26. Re1 {[%clk 0:15:21]} Qxg5 {[%clk
0:09:05]} 27. Qxh3 {[%clk 0:15:18]} Rh7 {[%clk 0:09:19]} 28. Qg2 {[%clk 0:15:22]}
Ra8 {[%clk 0:09:21]} 29. Rd1 {[%clk 0:15:18]} Qf6 {[%clk 0:08:42]} 30. Rfd2
{[%clk 0:13:20]} Rd8 {[%clk 0:08:24]} 31. Qe2 {[%clk 0:12:41]} Qe5 {[%clk
0:07:24]} 32. Kg2 {[%clk 0:12:31]} Rg7 {[%clk 0:07:14]} 33. Rd3 {[%clk 0:12:41]}
Rdd7 {[%clk 0:06:41]} 34. R1d2 {[%clk 0:11:50]} Rg5 {[%clk 0:06:09]} 35. Rf3
{[%clk 0:11:46]} Rg4 {[%clk 0:04:48]} 36. Re3 {[%clk 0:11:31]} Rdg7 {[%clk
0:04:38]} 37. Rdd3 {[%clk 0:10:56]} R4g5 {[%clk 0:04:35]} 38. Qd2 {[%clk
0:10:32]} Rd7 {[%clk 0:04:31]} 39. Rf3 {[%clk 0:10:09]} Rg4 {[%clk 0:04:25]} 40.
Rf4 {[%clk 0:10:12]} Rgg7 {[%clk 0:04:09]} 41. f6 {[%clk 0:09:46]} Rg6 {[%clk
0:03:45]} 42. Qf2 {[%clk 0:09:48]} Rf7 {[%clk 0:02:56]} 43. Rdf3 {[%clk 0:10:09]}
Qe6 {[%clk 0:02:32]} 44. Qd4 {[%clk 0:07:12]} Rh7 {[%clk 0:01:43]} 45. g4 {[%clk
0:06:09]} Kf8 {[%clk 0:01:35]} 46. e5 {[%clk 0:05:23]} dxe5 {[%clk 0:01:14]} 47.
Qd8+ {[%clk 0:05:06]} Qe8 {[%clk 0:01:07]} 48. Qd6+ {[%clk 0:04:37]} Kf7 {[%clk
0:00:51]} 49. Qc7+ {[%clk 0:04:14]} Kg8 {[%clk 0:00:47]} 50. f7+ {[%clk 0:04:13]}
Rxf7 {[%clk 0:00:58]} 51. Qxf7+ {[%clk 0:04:20]} Qxf7 {[%clk 0:01:23]} 52. Rxf7
{[%clk 0:04:42]} 1-0

[Event "Girls U12 Polish Youth Championship"]
[Site "chess24.com"]
[Date "2018.05.01"]
[Round "4"]
[White "Miranowska, Anna"]
[Black "Tokarz, Izabela"]
[Result "0-1"]
[Board "9"]
[WhiteElo "1146"]
[WhiteCountry "POL"]
[WhiteFideId "21847274"]
[WhiteEloChange "-5"]
[BlackElo "1337"]
[BlackCountry "POL"]
[BlackFideId "21849170"]
[BlackEloChange "5"]

1. d4 {[%clk 1:30:59]} d5 {[%clk 1:30:51]} 2. Nf3 {[%clk 1:31:26]} e6 {[%clk
1:31:11]} 3. c4 {[%clk 1:31:52]} f5 {[%clk 1:31:32]} 4. g3 {[%clk 1:31:55]} c6
{[%clk 1:31:46]} 5. Bg2 {[%clk 1:32:15]} Nf6 {[%clk 1:31:33]} 6. O-O {[%clk
1:32:37]} Bd6 {[%clk 1:31:45]} 7. b3 {[%clk 1:32:55]} O-O {[%clk 1:30:26]} 8. Ba3
{[%clk 1:33:16]} Bxa3 {[%clk 1:28:55]} 9. Nxa3 {[%clk 1:33:41]} Nbd7 {[%clk
1:29:05]} 10. Nc2 {[%clk 1:33:58]} Ne4 {[%clk 1:28:09]} 11. Nce1 {[%clk 1:34:02]}
Ndf6 {[%clk 1:25:27]} 12. Nd3 {[%clk 1:33:43]} Bd7 {[%clk 1:25:30]} 13. Nfe5
{[%clk 1:32:09]} Be8 {[%clk 1:22:36]} 14. Qc2 {[%clk 1:29:22]} Bh5 {[%clk
1:19:03]} 15. e3 {[%clk 1:25:59]} Qe7 {[%clk 1:11:24]} 16. c5 {[%clk 1:23:16]}
Nd7 {[%clk 1:08:55]} 17. b4 {[%clk 1:17:59]} Nxe5 {[%clk 1:08:52]} 18. Nxe5
{[%clk 1:18:18]} Qg5 {[%clk 1:04:30]} 19. a4 {[%clk 1:13:59]} Be8 {[%clk
0:58:46]} 20. Rfb1 {[%clk 1:09:17]} Rf6 {[%clk 0:46:25]} 21. b5 {[%clk 1:03:57]}
Rh6 {[%clk 0:45:49]} 22. bxc6 {[%clk 0:55:31]} Bxc6 {[%clk 0:45:43]} 23. Rb2
{[%clk 0:36:08]} Qh5 {[%clk 0:45:54]} 24. h3 {[%clk 0:35:53]} Qg5 {[%clk
0:42:46]} 25. a5 {[%clk 0:30:54]} a6 {[%clk 0:42:11]} 26. Rb6 {[%clk 0:27:11]}
Nxg3 {[%clk 0:40:52]} 27. fxg3 {[%clk 0:25:03]} Qxe3+ {[%clk 0:40:51]} 28. Qf2
{[%clk 0:23:12]} Qc3 {[%clk 0:40:53]} 29. Rab1 {[%clk 0:17:02]} Qxa5 {[%clk
0:40:51]} 30. Qe1 {[%clk 0:15:17]} Qa4 {[%clk 0:41:00]} 31. R1b4 {[%clk 0:14:33]}
Qc2 {[%clk 0:39:32]} 32. Rb2 {[%clk 0:13:55]} Qa4 {[%clk 0:39:50]} 33. R6b4
{[%clk 0:14:03]} Qa3 {[%clk 0:39:53]} 34. Qd2 {[%clk 0:09:12]} Qxg3 {[%clk
0:39:33]} 35. R4b3 {[%clk 0:07:56]} Qh4 {[%clk 0:39:00]} 36. Nxc6 {[%clk
0:07:15]} bxc6 {[%clk 0:39:22]} 37. Rb8+ {[%clk 0:07:32]} Rxb8 {[%clk 0:39:47]}
38. Rxb8+ {[%clk 0:07:57]} Kf7 {[%clk 0:40:11]} 39. Rb7+ {[%clk 0:07:38]} Kf6
{[%clk 0:40:13]} 40. Qe3 {[%clk 0:07:10]} Rg6 {[%clk 0:39:04]} 41. Qe5+ {[%clk
0:03:45]} Kg5 {[%clk 0:38:56]} 42. Rxg7 {[%clk 0:02:48]} Qf4 {[%clk 0:37:06]} 43.
h4+ {[%clk 0:01:46]} Qxh4 {[%clk 0:37:27]} 44. Qf6+ {[%clk 0:01:36]} Kxf6 {[%clk
0:37:46]} 0-1

[Event "Girls U12 Polish Youth Championship"]
[Site "chess24.com"]
[Date "2018.05.01"]
[Round "4"]
[White "Bialek, Alicja"]
[Black "Bukala, Weronika"]
[Result "1-0"]
[Board "10"]
[WhiteElo "1315"]
[WhiteCountry "POL"]
[WhiteFideId "21836345"]
[WhiteEloChange "8"]
[BlackElo "1255"]
[BlackCountry "POL"]
[BlackFideId "21859515"]
[BlackEloChange "-8"]

1. d4 {[%clk 1:30:58]} d5 {[%clk 1:30:44]} 2. Nc3 {[%clk 1:31:09]} Nf6 {[%clk
1:30:53]} 3. Bg5 {[%clk 1:31:23]} e6 {[%clk 1:30:06]} 4. e4 {[%clk 1:31:38]} Be7
{[%clk 1:27:22]} 5. e5 {[%clk 1:27:22]} Ne4 {[%clk 1:22:41]} 6. Bxe7 {[%clk
1:26:42]} Nxc3 {[%clk 1:21:26]} 7. Bxd8 {[%clk 1:24:31]} Nxd1 {[%clk 1:20:11]} 8.
Rxd1 {[%clk 1:14:21]} Kxd8 {[%clk 1:18:42]} 9. f4 {[%clk 1:13:55]} Rf8 {[%clk
1:14:05]} 10. Nf3 {[%clk 1:13:32]} Nc6 {[%clk 1:11:09]} 11. g3 {[%clk 1:13:44]}
Bd7 {[%clk 1:09:14]} 12. c4 {[%clk 1:09:59]} Ne7 {[%clk 1:00:10]} 13. Bd3 {[%clk
0:59:11]} Bc6 {[%clk 0:55:03]} 14. c5 {[%clk 0:58:56]} Nf5 {[%clk 0:49:52]} 15.
Kf2 {[%clk 0:58:00]} g6 {[%clk 0:41:17]} 16. g4 {[%clk 0:54:10]} Nh6 {[%clk
0:37:43]} 17. Kg3 {[%clk 0:53:26]} Ke7 {[%clk 0:25:59]} 18. Ng5 {[%clk 0:47:03]}
Rh8 {[%clk 0:24:34]} 19. Rdf1 {[%clk 0:43:17]} Bd7 {[%clk 0:20:53]} 20. Nf3
{[%clk 0:40:09]} Raf8 {[%clk 0:19:42]} 21. Nh4 {[%clk 0:39:57]} Ng8 {[%clk
0:16:13]} 22. f5 {[%clk 0:38:46]} Rb8 {[%clk 0:09:48]} 23. fxg6 {[%clk 0:38:04]}
hxg6 {[%clk 0:07:20]} 24. Bxg6 {[%clk 0:37:41]} Be8 {[%clk 0:06:38]} 25. Bd3
{[%clk 0:37:36]} b6 {[%clk 0:06:13]} 26. Rc1 {[%clk 0:34:22]} c6 {[%clk 0:03:22]}
27. b3 {[%clk 0:34:13]} bxc5 {[%clk 0:02:28]} 28. Rxc5 {[%clk 0:34:20]} Rb4
{[%clk 0:02:28]} 29. Nf3 {[%clk 0:34:20]} Nh6 {[%clk 0:02:06]} 30. h4 {[%clk
0:34:12]} Rg8 {[%clk 0:02:07]} 31. g5 {[%clk 0:34:17]} Rg7 {[%clk 0:01:40]} 32.
Kf4 {[%clk 0:33:54]} Ng8 {[%clk 0:01:54]} 33. h5 {[%clk 0:33:48]} Nh6 {[%clk
0:01:10]} 34. gxh6 {[%clk 0:33:54]} Rg8 {[%clk 0:01:35]} 35. h7 {[%clk 0:34:02]}
Rh8 {[%clk 0:01:59]} 36. Rg1 {[%clk 0:34:15]} Kf8 {[%clk 0:00:58]} 37. Ke3 {[%clk
0:32:54]} Rb7 {[%clk 0:00:50]} 38. Rc2 {[%clk 0:32:57]} f5 {[%clk 0:00:53]} 39.
exf6 {[%clk 0:33:07]} Bxh5 {[%clk 0:00:54]} 40. Rcg2 {[%clk 0:33:24]} Bf7 {[%clk
0:01:01]} 41. Ne5 {[%clk 0:33:26]} Rb8 {[%clk 0:00:33]} 42. Nd7+ {[%clk 0:33:45]}
Ke8 {[%clk 0:00:44]} 43. Nxb8 {[%clk 0:33:41]} Rxh7 {[%clk 0:00:41]} 44. Bxh7
{[%clk 0:34:01]} Kd8 {[%clk 0:00:33]} 45. Nxc6+ {[%clk 0:34:20]} Kc7 {[%clk
0:00:46]} 46. Rg7 {[%clk 0:34:35]} Kxc6 {[%clk 0:00:34]} 47. Rxf7 {[%clk
0:35:01]} e5 {[%clk 0:00:32]} 48. dxe5 {[%clk 0:35:15]} d4+ {[%clk 0:00:32]} 49.
Kxd4 {[%clk 0:35:38]} a5 {[%clk 0:00:34]} 50. Be4+ {[%clk 0:35:42]} Kb6 {[%clk
0:00:33]} 51. Rb7+ {[%clk 0:36:01]} Ka6 {[%clk 0:00:34]} 52. Rgg7 {[%clk
0:35:55]} a4 {[%clk 0:00:42]} 53. Ra7+ {[%clk 0:36:22]} Kb5 {[%clk 0:00:33]} 54.
Rgb7# {[%clk 0:36:44]} 1-0

[Event "Girls U12 Polish Youth Championship"]
[Site "chess24.com"]
[Date "2018.05.01"]
[Round "4"]
[White "Wieczorek, Julia"]
[Black "Grzesik, Nikola"]
[Result "0-1"]
[Board "11"]
[WhiteElo "1086"]
[WhiteCountry "POL"]
[WhiteFideId "21853363"]
[WhiteEloChange "-4"]
[BlackElo "1313"]
[BlackCountry "POL"]
[BlackFideId "21816590"]
[BlackEloChange "4"]

1. e4 {[%clk 1:30:56]} c5 {[%clk 1:30:55]} 2. Nc3 {[%clk 1:31:18]} e6 {[%clk
1:31:15]} 3. Nf3 {[%clk 1:31:36]} a6 {[%clk 1:31:41]} 4. d4 {[%clk 1:31:49]} cxd4
{[%clk 1:32:06]} 5. Nxd4 {[%clk 1:31:24]} Qc7 {[%clk 1:32:29]} 6. Bd3 {[%clk
1:26:02]} Nc6 {[%clk 1:32:54]} 7. Nde2 {[%clk 1:21:29]} Nf6 {[%clk 1:32:18]} 8.
O-O {[%clk 1:05:13]} Be7 {[%clk 1:32:16]} 9. f4 {[%clk 0:56:02]} d6 {[%clk
1:31:43]} 10. Ng3 {[%clk 0:46:16]} b5 {[%clk 1:31:00]} 11. a3 {[%clk 0:38:43]}
Bb7 {[%clk 1:31:18]} 12. Be3 {[%clk 0:34:02]} O-O {[%clk 1:30:38]} 13. f5 {[%clk
0:30:59]} Rac8 {[%clk 1:25:24]} 14. Nh5 {[%clk 0:25:28]} Ne5 {[%clk 1:20:01]} 15.
Bd4 {[%clk 0:19:21]} Rfd8 {[%clk 1:15:55]} 16. Bxe5 {[%clk 0:16:51]} Qc5+ {[%clk
1:10:30]} 17. Kh1 {[%clk 0:14:52]} Qxe5 {[%clk 1:10:51]} 18. Nxf6+ {[%clk
0:14:48]} Bxf6 {[%clk 1:10:03]} 19. Rb1 {[%clk 0:11:40]} d5 {[%clk 1:02:30]} 20.
exd5 {[%clk 0:07:07]} Bxd5 {[%clk 1:01:42]} 21. Nxd5 {[%clk 0:07:21]} Rxd5 {[%clk
1:01:25]} 22. fxe6 {[%clk 0:06:17]} Qxe6 {[%clk 0:59:40]} 23. Qf3 {[%clk
0:05:16]} Rcd8 {[%clk 0:51:44]} 24. Rbe1 {[%clk 0:02:21]} Qd7 {[%clk 0:50:16]}
25. Bf5 {[%clk 0:01:53]} Qc7 {[%clk 0:47:38]} 26. Qxd5 {[%clk 0:01:32]} g6 {[%clk
0:41:55]} 27. Qe4 {[%clk 0:00:54]} Bxb2 {[%clk 0:29:29]} 28. Bg4 {[%clk 0:00:50]}
Bxa3 {[%clk 0:28:09]} 29. Rd1 {[%clk 0:00:47]} Rf8 {[%clk 0:24:00]} 30. Qf4
{[%clk 0:00:45]} Qxc2 {[%clk 0:20:25]} 31. Qf3 {[%clk 0:00:40]} b4 {[%clk
0:19:06]} 32. Rc1 {[%clk 0:00:36]} Bxc1 {[%clk 0:18:21]} 33. Qb7 {[%clk 0:00:36]}
0-1

[Event "Girls U12 Polish Youth Championship"]
[Site "chess24.com"]
[Date "2018.05.01"]
[Round "4"]
[White "Arciszewska, Zuzanna"]
[Black "Giemza, Julia"]
[Result "1/2-1/2"]
[Board "12"]
[WhiteElo "1302"]
[WhiteCountry "POL"]
[WhiteFideId "21816549"]
[WhiteEloChange "-3"]
[BlackElo "1195"]
[BlackCountry "POL"]
[BlackFideId "21872112"]
[BlackEloChange "3"]

1. e4 {[%clk 1:30:56]} d5 {[%clk 1:30:35]} 2. exd5 {[%clk 1:30:31]} Nf6 {[%clk
1:30:52]} 3. Nc3 {[%clk 1:29:17]} Nxd5 {[%clk 1:31:03]} 4. Nxd5 {[%clk 1:26:03]}
Qxd5 {[%clk 1:30:51]} 5. Nf3 {[%clk 1:25:05]} g6 {[%clk 1:28:10]} 6. d4 {[%clk
1:23:35]} Bg7 {[%clk 1:25:51]} 7. Be3 {[%clk 1:22:53]} Bg4 {[%clk 1:23:32]} 8.
Be2 {[%clk 1:20:57]} e6 {[%clk 1:14:05]} 9. O-O {[%clk 1:19:05]} O-O {[%clk
1:10:54]} 10. Qd2 {[%clk 1:17:15]} Nc6 {[%clk 0:59:56]} 11. c3 {[%clk 1:14:12]}
Rfe8 {[%clk 0:56:40]} 12. h3 {[%clk 1:08:13]} Bxf3 {[%clk 0:55:39]} 13. Bxf3
{[%clk 1:07:34]} Qd7 {[%clk 0:55:54]} 14. Rad1 {[%clk 1:06:41]} Rab8 {[%clk
0:46:15]} 15. Rfe1 {[%clk 1:01:25]} a6 {[%clk 0:44:25]} 16. Qc2 {[%clk 0:58:35]}
Ne7 {[%clk 0:40:41]} 17. Qb3 {[%clk 0:51:55]} b6 {[%clk 0:35:29]} 18. Be2 {[%clk
0:48:41]} b5 {[%clk 0:33:47]} 19. Qa3 {[%clk 0:47:35]} Qd6 {[%clk 0:32:41]} 20.
Qxd6 {[%clk 0:44:02]} cxd6 {[%clk 0:32:57]} 21. Bf4 {[%clk 0:44:00]} Rb6 {[%clk
0:32:19]} 22. Bd3 {[%clk 0:41:25]} d5 {[%clk 0:30:58]} 23. Re3 {[%clk 0:40:19]}
Rc8 {[%clk 0:29:39]} 24. Bf1 {[%clk 0:31:05]} b4 {[%clk 0:28:06]} 25. Rd2 {[%clk
0:26:48]} Nf5 {[%clk 0:25:11]} 26. Red3 {[%clk 0:25:20]} a5 {[%clk 0:24:37]} 27.
g4 {[%clk 0:22:30]} Ne7 {[%clk 0:22:34]} 28. Kg2 {[%clk 0:19:57]} Kf8 {[%clk
0:20:58]} 29. Be2 {[%clk 0:18:05]} Ke8 {[%clk 0:18:50]} 30. Bd1 {[%clk 0:16:27]}
Ng8 {[%clk 0:13:25]} 31. g5 {[%clk 0:13:14]} h6 {[%clk 0:12:43]} 32. h4 {[%clk
0:13:23]} h5 {[%clk 0:11:36]} 33. Rf3 {[%clk 0:12:05]} Ne7 {[%clk 0:10:28]} 34.
Ba4+ {[%clk 0:09:12]} Kf8 {[%clk 0:09:57]} 35. Re2 {[%clk 0:08:41]} Kg8 {[%clk
0:09:36]} 36. Bd2 {[%clk 0:08:03]} Nf5 {[%clk 0:08:53]} 37. Rf4 {[%clk 0:08:02]}
Bf8 {[%clk 0:08:36]} 38. Kh3 {[%clk 0:07:54]} Bd6 {[%clk 0:08:41]} 39. Rf3 {[%clk
0:08:17]} Rc4 {[%clk 0:08:15]} 40. Bb3 {[%clk 0:07:58]} Rc8 {[%clk 0:08:20]} 41.
Bc2 {[%clk 0:07:50]} Ng7 {[%clk 0:07:36]} 42. Ba4 {[%clk 0:06:24]} Nf5 {[%clk
0:07:21]} 43. Re1 {[%clk 0:04:13]} Rc4 {[%clk 0:06:59]} 44. Bb3 {[%clk 0:04:35]}
Rc8 {[%clk 0:07:13]} 45. Bc2 {[%clk 0:04:35]} 1/2-1/2

[Event "Girls U12 Polish Youth Championship"]
[Site "chess24.com"]
[Date "2018.05.01"]
[Round "4"]
[White "Palejko, Maria"]
[Black "Garbowska, Maja"]
[Result "0-1"]
[Board "13"]
[WhiteElo "1294"]
[WhiteCountry "POL"]
[WhiteFideId "21838208"]
[WhiteEloChange "-12"]
[BlackElo "1207"]
[BlackCountry "POL"]
[BlackFideId "21816573"]
[BlackEloChange "12"]

1. e4 {[%clk 1:30:56]} e5 {[%clk 1:30:56]} 2. Nf3 {[%clk 1:31:21]} Nc6 {[%clk
1:31:22]} 3. d4 {[%clk 1:31:44]} exd4 {[%clk 1:31:45]} 4. Nxd4 {[%clk 1:32:08]}
Bc5 {[%clk 1:32:06]} 5. Be3 {[%clk 1:31:55]} Qf6 {[%clk 1:32:19]} 6. c3 {[%clk
1:32:09]} Nge7 {[%clk 1:32:24]} 7. Nc2 {[%clk 1:32:25]} d6 {[%clk 1:32:23]} 8.
Bd3 {[%clk 1:31:26]} Be6 {[%clk 1:30:24]} 9. O-O {[%clk 1:22:30]} O-O-O {[%clk
1:27:59]} 10. h3 {[%clk 1:20:50]} g5 {[%clk 1:26:14]} 11. b4 {[%clk 1:15:47]}
Bxe3 {[%clk 1:25:18]} 12. fxe3 {[%clk 1:10:15]} Qg7 {[%clk 1:24:32]} 13. Nd4
{[%clk 1:09:55]} Ne5 {[%clk 1:21:27]} 14. Nxe6 {[%clk 1:09:27]} fxe6 {[%clk
1:21:41]} 15. Be2 {[%clk 1:06:42]} Qg6 {[%clk 1:19:01]} 16. Nd2 {[%clk 1:04:26]}
h5 {[%clk 1:16:25]} 17. a4 {[%clk 0:59:01]} d5 {[%clk 1:14:05]} 18. Qc2 {[%clk
0:56:09]} h4 {[%clk 1:12:12]} 19. Rac1 {[%clk 0:51:07]} dxe4 {[%clk 1:05:17]} 20.
Rfd1 {[%clk 0:40:44]} g4 {[%clk 1:03:18]} 21. Qxe4 {[%clk 0:38:36]} Rxd2 {[%clk
1:01:58]} 22. Qxe5 {[%clk 0:34:13]} gxh3 {[%clk 0:54:16]} 23. Qxh8+ {[%clk
0:25:44]} Ng8 {[%clk 0:54:21]} 24. Bf1 {[%clk 0:24:40]} Rxg2+ {[%clk 0:54:23]}
25. Kh1 {[%clk 0:24:35]} Rg1+ {[%clk 0:54:39]} 26. Kh2 {[%clk 0:24:26]} Qg3#
{[%clk 0:55:07]} 0-1